| 000 | 00833nam a2200241 a 4500 | ||
|---|---|---|---|
| 005 | 20220819122637.0 | ||
| 008 | 011023s2000 es r 000 0 spa d | ||
| 020 | _a8441510415 | ||
| 035 | _aUPN01000113345 | ||
| 049 | _aCG | ||
| 050 | 4 |
_aTR897.7 _bC8.3 |
|
| 100 | 1 | _aCurtis, Hillman | |
| 245 | 1 | 0 |
_aDiseño web con Flash / _cHillman Curtis ; tr. Javier Acebes. |
| 260 |
_aMadrid : _bAnaya Multimedia, _cc2000. |
||
| 300 |
_a207 p. + _e1 CD-ROM : son., col.; 4 3/4 plg. |
||
| 440 | 0 | _aDiseño y creatividad | |
| 500 | _a"Niveles: Medio y avanzado. Tipo de libro: Aprendizaje/referencia. Temática: Internet" | ||
| 534 |
_pTraducción de: _tFlash web design |
||
| 650 | 7 |
_aAnimación por computadora _2 _91049 |
|
| 650 | 7 |
_aFlash (Programa para computadora) _2 _914226 |
|
| 650 | 4 |
_aSITIOS WEB - _xDISEÑO _97669 |
|
| 905 | _aLibro | ||
| 999 |
_c87253 _d87253 |
||